000 00396nam a2200169Ia 4500
003 0100
008 130303s9999 xx 000 0 und d
040 _cARRUPELIB
050 _aHB72.E781985
245 _aEthics and economics
260 _aEngland
260 _bBasil Blackwell
260 _C1985
300 _a191p
700 _aPaul, Ellen FrankelPaul, JeffreyMiller, Fred D
942 0 0 _08
999 _c23251
_d23251